[Event "Saint John op-2"]
[Site "Saint John CAN"]
[Date "1988.??.??"]
[Round "?"]
[White "Chernin, Alexander"]
[Black "Inkiov, Ventzislav"]
[Result "1/2-1/2"]
[WhiteElo "2560"]
[BlackElo "2490"]
[PlyCount "83"]
[GameId "2160767912586601"]
[EventDate "1988.02.08"]
[EventType "swiss"]
[EventRounds "9"]
[EventCountry "CAN"]
[SourceTitle "CBM 006"]
[Source "ChessBase"]
[SourceDate "2004.01.01"]
[SourceVersion "1"]
[SourceVersionDate "2004.01.01"]
[SourceQuality "1"]

1. c4 e6 2. Nc3 d5 3. d4 Nf6 4. cxd5 exd5 5. Bg5 Be7 6. e3 c6 7. Bd3 Nbd7 8. Qc2 O-O 9. Nge2 Re8 10. O-O Nf8 11. Rab1 Ng6 12. Nf4 Ng4 13. Bxe7 Qxe7 14. h3 Nf6 15. Nce2 Nh4 16. g3 Nf3+ 17. Kg2 Ng5 18. h4 Nge4 19. Rbe1 Nd6 20. Nc3 h6 21. Rh1 g5 22. hxg5 hxg5 23. Nh3 Bxh3+ 24. Rxh3 Kg7 25. Qc1 Rh8 26. e4 Nfxe4 27. Rxh8 Rxh8 28. f3 f5 29. fxe4 dxe4 30. Bc2 Qf6 31. Ne2 Qg6 32. Rh1 f4 33. Rxh8 f3+ 34. Kg1 Kxh8 35. Nc3 Qf5 36. Qe1 e3 37. Bxf5 f2+ 38. Qxf2 exf2+ 39. Kxf2 Nxf5 40. d5 cxd5 41. Nxd5 Kg7 42. Kf3 1/2-1/2

[Event "Saint John op-2"]
[Site "Saint John CAN"]
[Date "1988.??.??"]
[Round "?"]
[White "Chernin, Alexander"]
[Black "Makarichev, Sergey"]
[Result "1-0"]
[WhiteElo "2560"]
[BlackElo "2485"]
[PlyCount "59"]
[GameId "2160767912586603"]
[EventDate "1988.02.08"]
[EventType "swiss"]
[EventRounds "9"]
[EventCountry "CAN"]
[SourceTitle "CBM 006"]
[Source "ChessBase"]
[SourceDate "2004.01.01"]
[SourceVersion "1"]
[SourceVersionDate "2004.01.01"]
[SourceQuality "1"]

1. c4 e5 2. g3 Nf6 3. Bg2 c6 4. d4 exd4 5. Qxd4 d5 6. Nf3 Be7 7. cxd5 cxd5 8. O-O Nc6 9. Qa4 O-O 10. Be3 Ne4 11. Nd4 Bf6 12. Bxe4 dxe4 13. Nxc6 bxc6 14. Nd2 Bxb2 15. Rab1 Be5 16. Rfd1 Bf5 17. Nxe4 Qc7 18. Rbc1 Rfd8 19. Rxd8+ Rxd8 20. Nd2 Be6 21. Nf3 Bd5 22. Qxa7 Qxa7 23. Bxa7 Bxf3 24. exf3 Ra8 25. Rd1 Bc7 26. Bc5 Rxa2 27. Rd7 Ba5 28. Kg2 h5 29. Ra7 Ra1 30. Bb4 1-0

[Event "Saint John op-2"]
[Site "Saint John CAN"]
[Date "1988.??.??"]
[Round "?"]
[White "Christiansen, Larry"]
[Black "Rodriguez, Daniel Mauricio"]
[Result "1-0"]
[WhiteElo "2575"]
[BlackElo "2465"]
[PlyCount "91"]
[GameId "2160767912586606"]
[EventDate "1988.02.08"]
[EventType "swiss"]
[EventRounds "9"]
[EventCountry "CAN"]
[SourceTitle "CBM 006"]
[Source "ChessBase"]
[SourceDate "2004.01.01"]
[SourceVersion "1"]
[SourceVersionDate "2004.01.01"]
[SourceQuality "1"]

1. d4 e6 2. c4 f5 3. g3 Nf6 4. Bg2 c6 5. Nf3 d5 6. O-O Bd6 7. b3 Qe7 8. Bb2 O-O 9. Nbd2 b5 10. Ne5 a5 11. Ndf3 Ba6 12. c5 Bc7 13. a3 Ra7 14. Bc1 Ne4 15. h4 Qe8 16. b4 Bc8 17. Bf4 a4 18. Nd3 h6 19. Qc1 Bd7 20. Bxc7 Rxc7 21. Nfe5 Qd8 22. Nf4 Bc8 23. h5 Ng5 24. Nfg6 Re8 25. f4 Ne4 26. g4 Nd7 27. Bxe4 dxe4 28. e3 fxg4 29. Ra2 Nf6 30. Rh2 Qd5 31. Qd1 Rd8 32. Rh4 Kh7 33. Qc2 Kg8 34. Rf2 Re8 35. Rg2 Ra7 36. Kh2 Bd7 37. Qf2 Bc8 38. Qg3 Kh7 39. Kg1 Kg8 40. Rxg4 Nxg4 41. Nxg4 Qd8 42. Nxh6+ Kh7 43. Ne5 Qf6 44. Qg6+ Qxg6 45. hxg6+ Kh8 46. Nhf7+ 1-0

[Event "Saint John op-2"]
[Site "Saint John CAN"]
[Date "1988.??.??"]
[Round "?"]
[White "Cooper, John Grantley"]
[Black "O'Donnell, Tom"]
[Result "1-0"]
[WhiteElo "2380"]
[BlackElo "2340"]
[PlyCount "77"]
[GameId "2160767912586608"]
[EventDate "1988.02.08"]
[EventType "swiss"]
[EventRounds "9"]
[EventCountry "CAN"]
[SourceTitle "CBM 006"]
[Source "ChessBase"]
[SourceDate "2004.01.01"]
[SourceVersion "1"]
[SourceVersionDate "2004.01.01"]
[SourceQuality "1"]

1. e4 Nc6 2. d4 d5 3. Nc3 dxe4 4. d5 Ne5 5. Qd4 Ng6 6. Bb5+ Bd7 7. Nge2 Nf6 8. Bg5 c6 9. Bxf6 gxf6 10. dxc6 bxc6 11. Ba4 f5 12. O-O-O e5 13. Qc4 Bh6+ 14. Kb1 O-O 15. Rd6 Qe7 16. Rhd1 Rfd8 17. Bxc6 Be6 18. Rxd8+ Rxd8 19. Rxd8+ Qxd8 20. Bd5 Qd7 21. g4 Bxd5 22. Nxd5 Kg7 23. Ng3 fxg4 24. Qxe4 Bf4 25. Nf5+ Kh8 26. c4 h5 27. b3 h4 28. a4 h3 29. Ka2 Qd8 30. c5 Nh4 31. Nd6 Kg7 32. Nxf4 exf4 33. Qe5+ Kg6 34. Qe4+ f5 35. Qe6+ Qf6 36. Qe8+ Kh6 37. Nf7+ Kg7 38. c6 Qc3 39. Qh8+ 1-0

[Event "Saint John op-2"]
[Site "Saint John CAN"]
[Date "1988.??.??"]
[Round "?"]
[White "Cooper, John Grantley"]
[Black "Southam, Todd"]
[Result "0-1"]
[WhiteElo "2380"]
[BlackElo "2295"]
[PlyCount "70"]
[GameId "2160767912586609"]
[EventDate "1988.02.08"]
[EventType "swiss"]
[EventRounds "9"]
[EventCountry "CAN"]
[SourceTitle "CBM 006"]
[Source "ChessBase"]
[SourceDate "2004.01.01"]
[SourceVersion "1"]
[SourceVersionDate "2004.01.01"]
[SourceQuality "1"]

1. e4 e5 2. f4 Bc5 3. Nf3 d6 4. Nc3 Nc6 5. Bb5 Nf6 6. d3 a6 7. Bxc6+ bxc6 8. fxe5 dxe5 9. Qe2 Qe7 10. Bd2 Rb8 11. Nd1 O-O 12. b3 Nh5 13. Nc3 Bg4 14. O-O-O Bd4 15. Kb1 Qa3 16. Rdf1 Nf4 17. Qe1 Nxg2 18. Qg3 Nf4 19. Nxd4 exd4 20. Rxf4 Be6 21. Bc1 Qb4 22. Rg1 g6 23. Nd1 a5 24. Qe1 Qb6 25. Nb2 Qb5 26. a4 Qc5 27. h4 Rb7 28. Rg5 Qa3 29. Nc4 Rxb3+ 30. cxb3 Qxb3+ 31. Nb2 Rb8 32. Rg3 Qxa4 33. Rf2 Ba2+ 34. Ka1 Qa3 35. Nc4 Rb1# 0-1

[Event "Saint John op-2"]
[Site "Saint John CAN"]
[Date "1988.??.??"]
[Round "?"]
[White "Damljanovic, Branko"]
[Black "Kristensen, Bjarke"]
[Result "0-1"]
[WhiteElo "2525"]
[BlackElo "2300"]
[PlyCount "79"]
[GameId "2160767912586610"]
[EventDate "1988.02.08"]
[EventType "swiss"]
[EventRounds "9"]
[EventCountry "CAN"]
[SourceTitle "CBM 06"]

1. d4 d5 2. Nf3 Nf6 3. c4 c6 4. Nc3 dxc4 5. a4 Bg4 6. Ne5 Bh5 7. f3 e6 8. h4 Nd5 9. e4 Nb4 10. g4 f6 11. Nxc4 Bf7 12. Be3 Be7 13. Qd2 Nd7 14. Rd1 O-O 15. Qh2 Nb6 16. Rd2 e5 17. Na3 Qc7 18. g5 Rad8 19. Rg1 Kh8 20. h5 fxg5 21. Bxg5 h6 22. Be3 Bf6 23. dxe5 Rxd2 24. Bxd2 Bxe5 25. f4 Bd4 26. Rg2 a5 27. Be2 Qe7 28. Qg3 Bg8 29. e5 N6d5 30. Nc4 Bh7 31. Nxd5 cxd5 32. Nd6 Be4 33. Nxe4 dxe4 34. Bc4 Bxb2 35. Qg6 e3 36. Bxe3 Bxe5 37. Be6 Bc3+ 38. Ke2 Rf6 39. f5 Rxg6 40. Rxg6 0-1

[Event "Saint John op-2"]
[Site "Saint John CAN"]
[Date "1988.??.??"]
[Round "?"]
[White "Damljanovic, Branko"]
[Black "Perenyi, Bela"]
[Result "1-0"]
[WhiteElo "2525"]
[BlackElo "2370"]
[PlyCount "83"]
[GameId "2160767912586611"]
[EventDate "1988.02.08"]
[EventType "swiss"]
[EventRounds "9"]
[EventCountry "CAN"]
[SourceTitle "CBM 06"]

1. d4 Nf6 2. Nf3 c5 3. d5 e6 4. Nc3 d6 5. e4 exd5 6. Nxd5 Nxd5 7. Qxd5 Be7 8. Bc4 O-O 9. Qd3 Nd7 10. Bb3 b5 11. Qxb5 a5 12. Qe2 Nb6 13. c4 a4 14. Bc2 Bf6 15. O-O Re8 16. Rd1 Bg4 17. Rb1 Be5 18. h3 Bxf3 19. Qxf3 Nxc4 20. b3 Na5 21. bxa4 Qe7 22. Be3 Qe6 23. Rd5 Reb8 24. Rb5 Nc6 25. Bb3 Qe8 26. g3 Na5 27. Rxe5 dxe5 28. Bd5 Nc6 29. Bxc5 Qd7 30. Qb3 Rc8 31. Rb7 Rc7 32. Bxf7+ Kh8 33. Rxc7 Qxc7 34. Bd5 Rb8 35. Qa3 Qc8 36. Kg2 h6 37. Bd6 Rb1 38. Qd3 Rc1 39. a5 Qd7 40. Ba3 Re1 41. Qc3 Rh1 42. g4 1-0

[Event "Saint John op-2"]
[Site "Saint John CAN"]
[Date "1988.??.??"]
[Round "?"]
[White "Damljanovic, Branko"]
[Black "Sherzer, Alex"]
[Result "1-0"]
[WhiteElo "2525"]
[BlackElo "2330"]
[PlyCount "61"]
[GameId "2160767912586613"]
[EventDate "1988.02.08"]
[EventType "swiss"]
[EventRounds "9"]
[EventCountry "CAN"]
[SourceTitle "CBM 06"]

1. d4 Nf6 2. Nf3 c5 3. d5 g6 4. Nc3 Bg7 5. e4 O-O 6. Be2 d6 7. O-O e6 8. dxe6 Bxe6 9. Ng5 Bc8 10. Bf4 h6 11. Nf3 Qb6 12. Bxd6 Rd8 13. e5 Ne8 14. Nd5 Qxb2 15. Bxb8 Kh8 16. Rb1 Qxa2 17. Bd6 Nxd6 18. Ne3 Qe6 19. exd6 Rxd6 20. Qc1 b6 21. Bc4 Qd7 22. Rd1 Bb7 23. Rxd6 Qxd6 24. Qa3 Bxf3 25. gxf3 Qf4 26. Bd5 Rd8 27. c4 Bd4 28. Qxa7 Kg7 29. Qe7 Rd6 30. Ng2 Qf5 31. Be4 1-0

[Event "Saint John op-2"]
[Site "Saint John CAN"]
[Date "1988.??.??"]
[Round "?"]
[White "Davies, Nigel Rodney"]
[Black "Browne, Walter"]
[Result "1-0"]
[WhiteElo "2450"]
[BlackElo "2530"]
[PlyCount "75"]
[GameId "2160767912586615"]
[EventDate "1988.02.08"]
[EventType "swiss"]
[EventRounds "9"]
[EventCountry "CAN"]
[SourceTitle "CBM 006"]
[Source "ChessBase"]
[SourceDate "2004.01.01"]
[SourceVersion "1"]
[SourceVersionDate "2004.01.01"]
[SourceQuality "1"]

1. e4 c5 2. Nf3 d6 3. c3 Nf6 4. h3 g6 5. Bd3 Bg7 6. O-O O-O 7. Bc2 e5 8. Re1 Nc6 9. d4 cxd4 10. cxd4 Qb6 11. d5 Nd4 12. Nxd4 exd4 13. Nd2 Nd7 14. Nf3 Re8 15. Rb1 Ne5 16. Nxd4 Bxh3 17. Be3 Bd7 18. Ne6 Qa5 19. b4 Qxa2 20. Nxg7 Kxg7 21. Bd4 f6 22. f4 Ng4 23. Bd3 Qa4 24. Qd2 Bc8 25. Rec1 Re7 26. Rc4 Qe8 27. Rbc1 Qd8 28. Be2 h5 29. Qc3 Rxe4 30. Bxg4 Rxd4 31. Bxc8 Rxc4 32. Qxc4 Qb6+ 33. Kh2 Kh6 34. Be6 Qf2 35. Rf1 Qe3 36. Rf3 Qe1 37. Qc3 Qe4 38. Qxf6 1-0

[Event "Saint John op-2"]
[Site "Saint John CAN"]
[Date "1988.??.??"]
[Round "?"]
[White "Davies, Nigel Rodney"]
[Black "Chernin, Alexander"]
[Result "1/2-1/2"]
[WhiteElo "2450"]
[BlackElo "2560"]
[PlyCount "90"]
[GameId "2160767912586616"]
[EventDate "1988.02.08"]
[EventType "swiss"]
[EventRounds "9"]
[EventCountry "CAN"]
[SourceTitle "CBM 006"]
[Source "ChessBase"]
[SourceDate "2004.01.01"]
[SourceVersion "1"]
[SourceVersionDate "2004.01.01"]
[SourceQuality "1"]

1. e4 e6 2. d3 d5 3. Nd2 Bd6 4. Qg4 Bf8 5. Qe2 Nc6 6. c3 Nge7 7. Ngf3 g6 8. h4 h6 9. e5 a5 10. d4 b6 11. Qd1 Bg7 12. h5 g5 13. Nh2 Qd7 14. a4 f5 15. exf6 Bxf6 16. Ng4 Bg7 17. Nf3 O-O 18. Bb5 Ba6 19. Bxa6 Rxa6 20. Qe2 Raa8 21. O-O Nf5 22. Nfe5 Nxe5 23. Nxe5 Bxe5 24. Qxe5 Nd6 25. f3 Rae8 26. Qe2 Qg7 27. Be3 e5 28. Qd3 e4 29. fxe4 Rxe4 30. Bd2 Rfe8 31. Rf2 Qd7 32. Rf6 R8e6 33. Raf1 Qe7 34. Rxe6 Qxe6 35. Qf3 Qe7 36. b3 Kg7 37. Bc1 Qf7 38. Qh3 Qe6 39. Qf3 Re1 40. Ba3 Nf5 41. Rxe1 Qxe1+ 42. Kh2 Qh4+ 43. Kg1 Qe1+ 44. Kh2 Qh4+ 45. Kg1 Qe1+ 1/2-1/2

[Event "Saint John op-2"]
[Site "Saint John CAN"]
[Date "1988.??.??"]
[Round "?"]
[White "Davies, Nigel Rodney"]
[Black "Christiansen, Larry"]
[Result "1/2-1/2"]
[WhiteElo "2450"]
[BlackElo "2575"]
[PlyCount "126"]
[GameId "2160767912586617"]
[EventDate "1988.02.08"]
[EventType "swiss"]
[EventRounds "9"]
[EventCountry "CAN"]
[SourceTitle "CBM 006"]
[Source "ChessBase"]
[SourceDate "2004.01.01"]
[SourceVersion "1"]
[SourceVersionDate "2004.01.01"]
[SourceQuality "1"]

1. e4 c5 2. Nf3 Nc6 3. Bb5 e6 4. O-O Nge7 5. Re1 Ng6 6. c3 Be7 7. d4 cxd4 8. cxd4 d5 9. exd5 exd5 10. Qa4 Bd7 11. Nc3 O-O 12. Nxd5 Bd6 13. Bg5 f6 14. Be3 a6 15. Be2 Nb4 16. Qa3 Bxh2+ 17. Nxh2 Nxd5 18. Qd6 Bc6 19. Qxd8 Raxd8 20. Bc4 Kh8 21. Nf1 Nh4 22. Bxd5 Bxd5 23. f3 Nf5 24. Bf2 Bf7 25. Red1 Rfe8 26. Rd2 h5 27. Ng3 Nd6 28. b3 h4 29. Ne2 Nf5 30. Rc1 Bd5 31. Nf4 g5 32. Nxd5 Rxd5 33. Rc7 Re7 34. Rdc2 Rdd7 35. Rxd7 Rxd7 36. d5 Rxd5 37. Rc7 Ng3 38. Kh2 Ne2 39. Rxb7 Rd2 40. Be3 Rxa2 41. Rf7 Ng3 42. Bd4 Nh5 43. b4 Kg8 44. Ra7 f5 45. b5 h3 46. Be5 Rxg2+ 47. Kxh3 Re2 48. b6 Rxe5 49. b7 Rb5 50. Ra8+ Kf7 51. b8=Q Rxb8 52. Rxb8 Nf6 53. Ra8 g4+ 54. fxg4 fxg4+ 55. Kg3 Ke6 56. Rxa6+ Ke5 57. Ra4 Kf5 58. Ra5+ Ke4 59. Rb5 Nd5 60. Kxg4 Ne3+ 61. Kg3 Nf5+ 62. Kf2 Nd4 63. Rb8 Nc6 1/2-1/2

[Event "Saint John op-2"]
[Site "Saint John CAN"]
[Date "1988.??.??"]
[Round "?"]
[White "Davies, Nigel Rodney"]
[Black "Damljanovic, Branko"]
[Result "0-1"]
[WhiteElo "2450"]
[BlackElo "2525"]
[PlyCount "154"]
[GameId "2160767912586618"]
[EventDate "1988.02.08"]
[EventType "swiss"]
[EventRounds "9"]
[EventCountry "CAN"]
[SourceTitle "CBM 006"]
[Source "ChessBase"]
[SourceDate "2004.01.01"]
[SourceVersion "1"]
[SourceVersionDate "2004.01.01"]
[SourceQuality "1"]

1. e4 c5 2. Nf3 Nc6 3. Bb5 e6 4. O-O Nge7 5. Re1 a6 6. Bxc6 Nxc6 7. d4 cxd4 8. Nxd4 d6 9. Nxc6 bxc6 10. Qg4 e5 11. Qg3 Be6 12. b3 h5 13. h3 h4 14. Qd3 Be7 15. c4 O-O 16. Nc3 f5 17. Ba3 fxe4 18. Qxe4 Qe8 19. Rad1 Bf5 20. Qe3 Qg6 21. Ne4 Rad8 22. Rd2 Rf7 23. Kh1 d5 24. Bxe7 Rxe7 25. cxd5 cxd5 26. Qc5 Red7 27. Nc3 d4 28. Na4 e4 29. Nb6 Rd6 30. Nc4 Rd5 31. Qe7 Qh6 32. Red1 Qf6 33. Qc7 Be6 34. Re1 R5d7 35. Qc5 Rd5 36. Qc7 Bf5 37. Red1 Qe6 38. Qf4 Qh6 39. Qc7 R5d7 40. Qe5 Qf6 41. Qc5 Kh7 42. Qe5 Bg6 43. Qc5 Rd5 44. Qb6 Bh5 45. Re1 Qf4 46. Qe6 Bg6 47. Qxa6 e3 48. fxe3 Qg3 49. Rg1 Rg5 50. Qc6 Rf8 51. Rxd4 Rf2 52. a4 Rf6 53. Qb7 Rf2 54. a5 Bf5 55. Rf4 Bxh3 56. Rxf2 Qxf2 57. Qf3 Bxg2+ 58. Qxg2 Rxg2 59. Rxg2 Qf1+ 60. Kh2 Kh6 61. Ne5 g5 62. a6 Kh5 63. a7 Qa6 64. Ng4 Qxa7 65. Nf6+ Kh6 66. Ne4 Qc7+ 67. Kh1 h3 68. Rg4 Qc8 69. Rxg5 Qc2 70. Rg3 Qxe4+ 71. Kh2 Qc2+ 72. Kxh3 Kh5 73. b4 Qf2 74. b5 Qf1+ 75. Kh2 Qxb5 76. Rf3 Qe2+ 77. Kg3 Kg5 0-1

[Event "Saint John op-2"]
[Site "Saint John CAN"]
[Date "1988.??.??"]
[Round "?"]
[White "Davies, Nigel Rodney"]
[Black "La Rota, Fabio"]
[Result "1-0"]
[WhiteElo "2450"]
[BlackElo "2295"]
[PlyCount "85"]
[GameId "2160767912586619"]
[EventDate "1988.02.08"]
[EventType "swiss"]
[EventRounds "9"]
[EventCountry "CAN"]
[SourceTitle "CBM 006"]
[Source "ChessBase"]
[SourceDate "2004.01.01"]
[SourceVersion "1"]
[SourceVersionDate "2004.01.01"]
[SourceQuality "1"]

1. e4 c6 2. d4 d5 3. Nc3 dxe4 4. Nxe4 Nf6 5. Nxf6+ exf6 6. Bc4 Bd6 7. Qe2+ Be7 8. Nf3 O-O 9. O-O Bg4 10. Re1 Bd6 11. Qe4 Qc8 12. Bf4 Bf5 13. Qe3 Bxf4 14. Qxf4 Bxc2 15. Rac1 Bf5 16. Re7 g5 17. Qd6 Nd7 18. h3 h5 19. Rxd7 Qxd7 20. Qxf6 Bh7 21. Qxg5+ Kh8 22. Qf6+ Kg8 23. Ng5 Qf5 24. Nxh7 Qxf6 25. Nxf6+ Kh8 26. Nxh5 Rad8 27. Rd1 b5 28. Bb3 a5 29. Ng3 f5 30. Be6 f4 31. Ne4 Rfe8 32. Bf5 Rd5 33. Nf6 Re2 34. Nxd5 cxd5 35. Rb1 Rd2 36. Kf1 Kg7 37. Ke1 Rxd4 38. Rd1 Rb4 39. b3 a4 40. Bc2 axb3 41. axb3 d4 42. Kd2 d3 43. Kxd3 1-0

[Event "Saint John op-2"]
[Site "Saint John CAN"]
[Date "1988.??.??"]
[Round "?"]
[White "Delaune, Richard K"]
[Black "Acosta, Mariano"]
[Result "1-0"]
[WhiteElo "2405"]
[BlackElo "2210"]
[PlyCount "157"]
[GameId "2160767912586620"]
[EventDate "1988.02.08"]
[EventType "swiss"]
[EventRounds "9"]
[EventCountry "CAN"]
[SourceTitle "CBM 006"]
[Source "ChessBase"]
[SourceDate "2004.01.01"]
[SourceVersion "1"]
[SourceVersionDate "2004.01.01"]
[SourceQuality "1"]

1. c4 Nf6 2. Nc3 d5 3. cxd5 Nxd5 4. g3 Nxc3 5. bxc3 g6 6. Bg2 Bg7 7. Rb1 Nd7 8. Nf3 O-O 9. O-O Rb8 10. c4 b6 11. d4 Bb7 12. Bf4 h6 13. Qd2 Kh7 14. Rfd1 Nf6 15. Be5 Ne4 16. Qc2 Ng5 17. Bxg7 Nxf3+ 18. Bxf3 Kxg7 19. d5 Qd6 20. Rb3 h5 21. Bg2 Rfd8 22. c5 Qf6 23. Rf3 Qe5 24. Re3 Qf6 25. c6 Bc8 26. Qe4 e6 27. d6 Rxd6 28. Rxd6 cxd6 29. h4 d5 30. Qa4 Qe7 31. Bxd5 b5 32. Qf4 Rb6 33. Bf3 b4 34. Qd4+ Qf6 35. Rd3 e5 36. Qd8 Rxc6 37. Bxc6 Qxc6 38. Qd5 Qc1+ 39. Kg2 Qc7 40. f3 Ba6 41. Rd2 Qc3 42. Kf2 Bc4 43. Qd8 Be6 44. Qd6 a5 45. Rd3 Qa1 46. Rd1 Qb2 47. Rd2 Qc3 48. Rd3 Qb2 49. a3 b3 50. Re3 a4 51. Rxe5 Qa1 52. Rb5 Kh7 53. Rb8 Qc3 54. Qb4 Qc7 55. Qf8 Qe5 56. Qg8+ Kh6 57. Qh8+ Qxh8 58. Rxh8+ Kg7 59. Rb8 Kf6 60. Rb4 Bd7 61. e4 g5 62. Rb6+ Be6 63. f4 gxf4 64. gxf4 Ke7 65. Ke3 f5 66. Rb4 Bd7 67. Kd4 fxe4 68. Kxe4 Kd6 69. f5 Bc6+ 70. Kf4 Bd7 71. Rd4+ Kc7 72. Ke5 Be8 73. Ke6 Kb6 74. Rb4+ Bb5 75. f6 Kc5 76. f7 Bc4+ 77. Rxc4+ Kxc4 78. f8=Q Kc3 79. Qb4+ 1-0

[Event "Saint John op-2"]
[Site "Saint John CAN"]
[Date "1988.??.??"]
[Round "?"]
[White "Delaune, Richard K"]
[Black "Pacey, Kevin"]
[Result "0-1"]
[WhiteElo "2405"]
[BlackElo "2240"]
[PlyCount "86"]
[GameId "2160767912586621"]
[EventDate "1988.02.08"]
[EventType "swiss"]
[EventRounds "9"]
[EventCountry "CAN"]
[SourceTitle "CBM 006"]
[Source "ChessBase"]
[SourceDate "2004.01.01"]
[SourceVersion "1"]
[SourceVersionDate "2004.01.01"]
[SourceQuality "1"]

1. c4 e6 2. Nf3 b6 3. g3 Bb7 4. Bg2 g6 5. O-O Bg7 6. d4 d6 7. Nc3 Nd7 8. e4 Ne7 9. Be3 a6 10. Rc1 h6 11. d5 e5 12. Ne1 O-O 13. Nd3 f5 14. b4 Nf6 15. f3 g5 16. c5 g4 17. Nf2 gxf3 18. Bxf3 fxe4 19. Nfxe4 Nf5 20. Bf2 Nd4 21. Bxd4 exd4 22. Nxf6+ Qxf6 23. Ne4 Qe5 24. Re1 Rae8 25. Bh5 Re7 26. c6 Bc8 27. Nf2 Qg5 28. Rxe7 Qxe7 29. Qe2 Qg5 30. Re1 d3 31. Nxd3 Bd4+ 32. Kg2 Qxd5+ 33. Qe4 Qxh5 34. Nf4 Qe5 35. Qb1 Qf6 36. Qb3+ Kh8 37. Re7 Bf5 38. Rxc7 Be4+ 39. Kf1 Be5 40. Ke2 Bxf4 41. gxf4 Re8 42. Kd1 Qd4+ 43. Kc1 Bf5 0-1

[Event "Saint John op-2"]
[Site "Saint John CAN"]
[Date "1988.??.??"]
[Round "?"]
[White "Delaune, Richard K"]
[Black "Wilder, Michael"]
[Result "1/2-1/2"]
[WhiteElo "2405"]
[BlackElo "2535"]
[PlyCount "21"]
[GameId "2160767912586623"]
[EventDate "1988.02.08"]
[EventType "swiss"]
[EventRounds "9"]
[EventCountry "CAN"]
[SourceTitle "CBM 006"]
[Source "ChessBase"]
[SourceDate "2004.01.01"]
[SourceVersion "1"]
[SourceVersionDate "2004.01.01"]
[SourceQuality "1"]

1. c4 e5 2. g3 c6 3. Nf3 e4 4. Nd4 Qb6 5. Nb3 d5 6. cxd5 cxd5 7. Bg2 Nf6 8. O-O Nc6 9. d3 Be6 10. dxe4 dxe4 11. Be3 1/2-1/2

[Event "Saint John op-2"]
[Site "Saint John CAN"]
[Date "1988.??.??"]
[Round "?"]
[White "Dizdar, Goran"]
[Black "Boyd, Stephen"]
[Result "0-1"]
[WhiteElo "2490"]
[BlackElo "2250"]
[PlyCount "82"]
[GameId "2160767912586625"]
[EventDate "1988.02.08"]
[EventType "swiss"]
[EventRounds "9"]
[EventCountry "CAN"]
[SourceTitle "CBM 06"]

1. d4 g6 2. Nf3 d6 3. e4 Bg7 4. Bc4 Nf6 5. Qe2 O-O 6. h3 c5 7. dxc5 Qa5+ 8. Nbd2 Qxc5 9. Nb3 Qc7 10. O-O Nbd7 11. a4 b6 12. Bd3 Bb7 13. c3 e5 14. c4 Nc5 15. Nxc5 dxc5 16. Bd2 Nh5 17. g3 Qd7 18. Kh2 Rad8 19. Ra3 a5 20. Bc2 Bc8 21. g4 Nf4 22. Bxf4 exf4 23. Rd3 Qe6 24. Rxd8 Rxd8 25. Rd1 Re8 26. e5 h5 27. Rg1 hxg4 28. hxg4 Qc6 29. Be4 Qc7 30. Bd5 Bxe5 31. Re1 Bxg4 32. Qe4 Bf5 33. Qe2 Kg7 34. Kg1 f6 35. Nh4 Bd7 36. Qe4 f5 37. Qg2 Qd6 38. Rd1 Qf6 39. Nf3 Bxa4 40. Rd2 Re7 41. Qh2 Be8 0-1

[Event "Saint John op-2"]
[Site "Saint John CAN"]
[Date "1988.??.??"]
[Round "?"]
[White "Dizdar, Goran"]
[Black "Chernin, Alexander"]
[Result "1/2-1/2"]
[WhiteElo "2490"]
[BlackElo "2560"]
[PlyCount "70"]
[GameId "2160767912586626"]
[EventDate "1988.02.08"]
[EventType "swiss"]
[EventRounds "9"]
[EventCountry "CAN"]
[SourceTitle "CBM 06"]

1. d4 Nf6 2. Nf3 d5 3. c4 c6 4. e3 Bf5 5. Nc3 e6 6. Bd3 Bxd3 7. Qxd3 Bb4 8. O-O Nbd7 9. Bd2 Bxc3 10. Bxc3 O-O 11. Rfd1 Re8 12. Be1 Qb6 13. a4 Qa6 14. cxd5 Qxd3 15. Rxd3 exd5 16. Rc1 Ne4 17. Rb3 Nd6 18. Bb4 Nc4 19. Nd2 a5 20. Bc3 Ncb6 21. Ra3 Ra7 22. Rca1 Rea8 23. g4 Nf8 24. Nf3 Nc4 25. R3a2 Ne6 26. Ne1 f6 27. Nd3 Kf7 28. Kg2 h5 29. h3 hxg4 30. hxg4 b6 31. b3 Nd6 32. Rc2 c5 33. dxc5 bxc5 34. Be1 c4 35. bxc4 Nxc4 1/2-1/2

[Event "Saint John op-2"]
[Site "Saint John CAN"]
[Date "1988.??.??"]
[Round "?"]
[White "Dizdar, Goran"]
[Black "Hamilton, Robert"]
[Result "1-0"]
[WhiteElo "2490"]
[BlackElo "2365"]
[PlyCount "101"]
[GameId "2160767912586627"]
[EventDate "1988.02.08"]
[EventType "swiss"]
[EventRounds "9"]
[EventCountry "CAN"]
[SourceTitle "CBM 06"]

1. d4 Nf6 2. Nf3 g6 3. g3 c5 4. c4 Bg7 5. Bg2 O-O 6. O-O d6 7. Nc3 Nc6 8. d5 Na5 9. Nd2 Nd7 10. Qc2 a6 11. Rb1 b5 12. cxb5 axb5 13. Nxb5 Ba6 14. Nc3 c4 15. Nf3 Rb8 16. Bg5 Nc5 17. Qd2 Rb4 18. Bh6 Qc7 19. Bxg7 Kxg7 20. h4 Rfb8 21. h5 Nd7 22. Ne4 c3 23. Qxc3+ Qxc3 24. Nxc3 Rxb2 25. Nd4 Nf6 26. hxg6 hxg6 27. Rxb2 Rxb2 28. Rb1 Rxb1+ 29. Nxb1 Kf8 30. Kf1 Ke8 31. Ke1 Kd7 32. Kd2 Bc4 33. Nc3 Kc7 34. e4 Nb7 35. Nc6 Kd7 36. Bh3+ e6 37. Nd4 Nc5 38. Ke3 Ke7 39. Nc6+ Kf8 40. dxe6 fxe6 41. Kd4 Bxa2 42. e5 Nfe4 43. Nxe4 Nxe4 44. Kxe4 Bd5+ 45. Ke3 Bxc6 46. exd6 e5 47. f4 exf4+ 48. Kxf4 Bb5 49. Ke5 Ke8 50. Kf6 Bd3 51. Be6 1-0

[Event "Saint John op-2"]
[Site "Saint John CAN"]
[Date "1988.??.??"]
[Round "?"]
[White "Djuric, Stefan"]
[Black "Eingorn, Vereslav"]
[Result "1-0"]
[WhiteElo "2475"]
[BlackElo "2570"]
[PlyCount "149"]
[GameId "2160767912586630"]
[EventDate "1988.02.08"]
[EventType "swiss"]
[EventRounds "9"]
[EventCountry "CAN"]
[SourceTitle "CBM 006"]
[Source "ChessBase"]
[SourceDate "2004.01.01"]
[SourceVersion "1"]
[SourceVersionDate "2004.01.01"]
[SourceQuality "1"]

1. d4 Nf6 2. c4 e6 3. Nc3 Bb4 4. e3 O-O 5. Nf3 b6 6. Bd3 d5 7. O-O Ba6 8. cxd5 Bxd3 9. Qxd3 exd5 10. a3 Bd6 11. e4 dxe4 12. Nxe4 Nxe4 13. Qxe4 Nd7 14. Bg5 Re8 15. Qc2 Qc8 16. Rad1 Nf8 17. d5 Ng6 18. Rd4 Qd7 19. b4 a5 20. Bd2 axb4 21. axb4 h6 22. Rd1 Qa4 23. Qxa4 Rxa4 24. g3 Kf8 25. h4 h5 26. Kf1 Ne7 27. Bf4 Nf5 28. Rc4 Bxf4 29. Rxf4 Nd6 30. Rc1 Re7 31. Nd4 Kg8 32. Nc6 Re8 33. Nd4 Ra7 34. Nf5 Nxf5 35. Rxf5 g6 36. Rf6 Rd8 37. d6 cxd6 38. Rc6 b5 39. Rfxd6 Ra1+ 40. Kg2 Rxd6 41. Rxd6 Rb1 42. Rd4 Rb3 43. Kf1 Kg7 44. Ke2 Kf6 45. Re4 Kf5 46. Rf4+ Ke6 47. Re4+ Kd6 48. Kd2 f5 49. Rf4 Kd5 50. Kc2 Ra3 51. Kd2 Ke5 52. Kc2 Ra2+ 53. Kd3 Ra1 54. Kd2 Rb1 55. Kc3 Re1 56. Rf3 Re2 57. Kd3 Re4 58. Kc3 Rc4+ 59. Kb3 Kd4 60. Re3 Rc1 61. Re6 Rc3+ 62. Kb2 Rf3 63. Rxg6 Rxf2+ 64. Kb3 Rf3+ 65. Kc2 Kc4 66. Rg5 Kxb4 67. Rxh5 Ka3 68. g4 Rf2+ 69. Kd3 b4 70. Ke3 Rg2 71. gxf5 Rg1 72. f6 b3 73. Ra5+ Kb4 74. Rf5 Re1+ 75. Kd2 1-0